| 000 | 01233nam a2200229Ia 4500 | ||
|---|---|---|---|
| 001 | L194-1844 | ||
| 003 | IT-CnALBA | ||
| 008 | 170116s9999||||xx |||||||||||||| ||und|| | ||
| 040 |
_aIT-CnALBA _cIT-CnALBA |
||
| 041 | _aFRANCESE | ||
| 100 | _aJOLIVET REGIS | ||
| 245 | 0 | _aLA PHILOSOPHIE CHRETIENNE ET LA PENSEE CONTEMPORAINE. | |
| 250 | _a1a ed. | ||
| 260 |
_a PARIS _bTEQUI PIERRE, LIBRAIRIE-EDITEUR _c1931 [1° Ed.:1932 - Ed.Ling.Originale: 1932] |
||
| 300 | _a226 p. (prefazione: 5) | ||
| 500 | _aPAGANESIMO E CRISTIANESIMO. LE GRANDI TESI DELLA FILOSOFIA CRISTIANA. VITA E OPERA DI S. TOMMASO D'AQUINO. SPIRITO DELLA FILOSOFIA TOMISTA. FILOSOFIA MODERNA E PENSIERO CRISTIANO. INIZIO DEL RINNOVAMENTO. TOMISMO E PENSIERO MODERNO. AVVENIRE DEL TOMISMO. | ||
| 501 | _aSocietà San Paolo EM - Piazza San Paolo, 14 - 12051 ALBA (CN) (non commercial uses only) ® Copyright 2017 | ||
| 520 | _aPAGANESIMO E CRISTIANESIMO. LE GRANDI TESI DELLA FILOSOFIA CRISTIANA. VITA E OPERA DI S. TOMMASO D'AQUINO. SPIRITO DELLA FILOSOFIA TOMISTA. FILOSOFIA MODERNA E PENSIERO CRISTIANO. INIZIO DEL RINNOVAMENTO. TOMISMO E PENSIERO MODERNO. AVVENIRE DEL TOMISMO. | ||
| 650 | _aFILOSOFIA FRANCESE | ||
| 942 | _cBK | ||
| 957 | _71 | ||
| 999 |
_a2825 _bSI _g Copie: 1 _c261062 _d261062 |
||